Populous Bordering Countries Quiz Stats

Quiz Updated Dec 5, 2012

Challenge
Share
Tweet
Embed
Score 0/40 Timer 07:00
9 Plays Today
Rank Countries % Correct
3China and Russia
94.2%
1China and India
93.5%
20Mexico and United States
93.3%
21Canada and United States
90.6%
9India and Pakistan
83.9%
28Argentina and Brazil
78.3%
14China and Mongolia
76.2%
8China and North Korea
72.8%
15Bangladesh and India
72.4%
4China and Vietnam
70.1%
7China and Nepal
64.5%
12China and Laos
60.3%
25Brazil and Colombia
59.7%
18India and Nepal
59.5%
29Brazil and Peru
57.4%
2China and Pakistan
57%
5China and Myanmar
56.8%
30Brazil and Venezuela
56.1%
10China and Kazakhstan
54.8%
16Bhutan and China
52.1%
Rank Countries % Correct
38Russia and Ukraine
50.9%
33Brazil and Paraguay
50.6%
35Brazil and Uruguay
50.6%
32Bolivia and Brazil
49.3%
22Indonesia and Malaysia
48%
6Afghanistan and China
46.9%
13China and Kyrgyzstan
46.7%
11China and Tajikistan
46.6%
19Bhutan and India
45.7%
17India and Myanmar
44%
37Brazil and Suriname
39.2%
36Brazil and Guyana
38.5%
34Afghanistan and Pakistan
36.7%
26Iran and Pakistan
35%
39Poland and Russia
31.3%
24Indonesia and Papua New Guinea
29.4%
23Brazil and France
26.1%
27Indonesia and Timor-Leste
21.8%
31Bangladesh and Myanmar
18.6%
40Cameroon and Nigeria
18.5%

You're not logged in!

Compare scores with friends on all Sporcle quizzes.
Sign Up with Email
OR
Log In

You Might Also Like...

Show Comments

Extras

Top Quizzes Today


Score Distribution

Your Account Isn't Verified!

In order to create a playlist on Sporcle, you need to verify the email address you used during registration. Go to your Sporcle Settings to finish the process.